Enterpreneurial skills of market stall owners in LGU-Bato / (Record no. 26580)
[ view plain ]
| 000 -LEADER | |
|---|---|
| fixed length control field | 00918nam a2200253 i 4500 |
| 003 - CONTROL NUMBER IDENTIFIER | |
| control field | CSPC |
| 005 - DATE AND TIME OF LATEST TRANSACTION | |
| control field | 20231121135548.0 |
| 007 - PHYSICAL DESCRIPTION FIXED FIELD--GENERAL INFORMATION | |
| fixed length control field | ta |
| 008 - FIXED-LENGTH DATA ELEMENTS--GENERAL INFORMATION | |
| fixed length control field | 231121s2016 ph a m 000 0beng |
| 090 ## - LOCALLY ASSIGNED LC-TYPE CALL NUMBER (OCLC); LOCAL CALL NUMBER (RLIN) | |
| Classification number (OCLC) (R) ; Classification number, CALL (RLIN) (NR) | UTH BSOA Ac121e |
| 100 ## - MAIN ENTRY--PERSONAL NAME | |
| Personal name | Acabado, Annie G. |
| Dates associated with a name | author. |
| 245 ## - TITLE STATEMENT | |
| Title | Enterpreneurial skills of market stall owners in LGU-Bato / |
| Statement of responsibility, etc. | Annie G. Acabado. |
| 264 ## - PRODUCTION, PUBLICATION, DISTRIBUTION, MANUFACTURE, AND COPYRIGHT NOTICE | |
| Place of production, publication, distribution, manufacture | Nabua, Camarines Sur : |
| Name of producer, publisher, distributor, manufacturer | Camarines Sur Polytechnic Colleges, |
| Date of production, publication, distribution, manufacture, or copyright notice | 2016. |
| 300 ## - PHYSICAL DESCRIPTION | |
| Extent | 97 leaves : |
| 502 ## - DISSERTATION NOTE | |
| Dissertation note | Undergraduate Theses (BSOA) Office Administration |
| Name of granting institution | Camarines Sur Polytechnic Colleges |
| 700 ## - ADDED ENTRY--PERSONAL NAME | |
| Personal name | Base, Marifrance V. |
| Relator term | author. |
| 700 ## - ADDED ENTRY--PERSONAL NAME | |
| Personal name | Saluna, Cyra Mariel B. |
| Relator term | author. |
| 720 ## - ADDED ENTRY--UNCONTROLLED NAME | |
| Name | Illo, Shirley M. |
| Relator term | adviser. |
| 720 ## - ADDED ENTRY--UNCONTROLLED NAME | |
| Name | Escolano, Emilda E. |
| Relator term | panelist chairperson |
| 720 ## - ADDED ENTRY--UNCONTROLLED NAME | |
| Name | Salazar, Teresita B. |
| Relator term | panelist member |
| 720 ## - ADDED ENTRY--UNCONTROLLED NAME | |
| Name | Binalla, Ana Marie A. |
| Relator term | panelist member |
| 942 ## - ADDED ENTRY ELEMENTS (KOHA) | |
| Source of classification or shelving scheme | Dewey Decimal Classification |
| Suppress in OPAC | No |
| Koha item type | Unpublished Materials |
| Withdrawn status | Lost status | Source of classification or shelving scheme | Damaged status | Not for loan | Home library | Current library | Shelving location | Date acquired | Total Checkouts | Full call number | Barcode | Date last seen | Copy number | Price effective from | Koha item type |
|---|---|---|---|---|---|---|---|---|---|---|---|---|---|---|---|
| Dewey Decimal Classification | Not For Loan | CAMPUS CSPC | CAMPUS CSPC | Undergraduate Thesis Section | 11/21/2023 | UTH BSOA Ac121e | 00029UM-BUH | 11/21/2023 | 1-1 | 11/21/2023 | Unpublished Materials |